[Event "Hessenliga 0809"]
[Site "Germany"]
[Date "2009.03.08"]
[Round "9.1"]
[White "Schmitzer, Klaus"]
[Black "Kremer, Udo"]
[Result "0-1"]
[WhiteElo "2342"]
[BlackElo "2223"]
[PlyCount "132"]
[EventDate "2008.09.14"]
[EventType "team-tourn"]
[EventRounds "9"]
[EventCountry "GER"]
[SourceTitle "EXT 2011"]
[Source "ChessBase"]
[SourceDate "2010.11.26"]
[SourceVersion "1"]
[SourceVersionDate "2010.11.26"]
[SourceQuality "1"]
[WhiteTeam "Schoeneck II"]
[BlackTeam "Frankfurt West"]
[WhiteTeamCountry "GER"]
[BlackTeamCountry "GER"]

1. e4 c5 2. Nf3 e6 3. d4 cxd4 4. Nxd4 a6 5. Bd3 Qc7 6. 0-0 Nf6 7. Kh1 Nc6 8. Nxc6 dxc6 9. Nd2 e5 10. a4 Be6 11. Qe2 Be7 12. Nc4 0-0 13. a5 Nd7 14. f4 Bxc4 15. Bxc4 exf4 16. Bxf4 Bd6 17. Be3 Ne5 18. Bb3 Qe7 19. Qh5 g6 20. Qh3 h5 21. Bh6 Ng4 22. Bxf8 Rxf8 23. Rad1 Bxh2 24. Rxf7 Rxf7 25. Rf1 Kg7 26. Bxf7 Be5 27. c3 Kh6 28. b4 Qg5 29. Kg1 Bh2+ 30. Kh1 Bb8 31. Bc4 Ba7 32. Qg3 Nf2+ 33. Kh2 Qxg3+ 34. Kxg3 Nxe4+ 35. Kh2 Nd2 36. Rf7 Nxc4 37. Rxb7 Be3 38. g3 Bd2 39. Ra7 Bxc3 40. Rxa6 Bxb4 41. Rxc6 Nxa5 42. Ra6 Bd2 43. Kh3 Nc4 44. Rc6 Ne5 45. Rc5 Ng4 46. Rb5 Bc3 47. Rc5 Be5 48. Ra5 Kg5 49. Rb5 Kf5 50. Rb1 Ne3 51. Rb7 g5 52. Rf7+ Kg6 53. Rf8 g4+ 54. Kh2 Nf5 55. Rg8+ Kh6 56. Kg2 Bxg3 57. Rf8 Kg5 58. Rg8+ Kf4 59. Rf8 h4 60. Rf7 Ke4 61. Rh7 Ne3+ 62. Kg1 Kf3 63. Rh8 h3 64. Rh7 h2+ 65. Kh1 Nd1 66. Rf7+ Bf4 0-1

[Event "Hessenliga 0809"]
[Site "Germany"]
[Date "2009.02.08"]
[Round "7.1"]
[White "Petri, Klaus"]
[Black "Kremer, Udo"]
[Result "1/2-1/2"]
[WhiteElo "2326"]
[BlackElo "2223"]
[PlyCount "67"]
[EventDate "2008.09.14"]
[EventType "team-tourn"]
[EventRounds "9"]
[EventCountry "GER"]
[SourceTitle "EXT 2011"]
[Source "ChessBase"]
[SourceDate "2010.11.26"]
[SourceVersion "1"]
[SourceVersionDate "2010.11.26"]
[SourceQuality "1"]
[WhiteTeam "Bensheim"]
[BlackTeam "Frankfurt West"]
[WhiteTeamCountry "GER"]
[BlackTeamCountry "GER"]

1. e4 c5 2. Nf3 e6 3. d4 cxd4 4. Nxd4 a6 5. Bd3 Nc6 6. Nxc6 dxc6 7. Nd2 e5 8. Qh5 Bd6 9. Nc4 Bc7 10. Bg5 Nf6 11. Qh4 Be6 12. 0-0 Qe7 13. Rad1 0-0-0 14. Ne3 h6 15. Bxf6 Qxf6 16. Qxf6 gxf6 17. Bc4 Bxc4 18. Nxc4 Rd4 19. Rxd4 exd4 20. Rd1 b5 21. Nd2 Re8 22. Kf1 c5 23. g3 h5 24. b3 Ba5 25. f3 Bxd2 26. Rxd2 Kc7 27. Ke2 f5 28. Kd3 fxe4+ 29. fxe4 f5 30. Re2 Kd6 31. b4 Re5 32. bxc5+ Kxc5 33. exf5 Rxf5 34. Re8 1/2-1/2

[Event "Hessenliga 0708"]
[Site "Germany"]
[Date "2008.03.02"]
[Round "7.1"]
[White "Gries, Volker"]
[Black "Kremer, Udo"]
[Result "0-1"]
[WhiteElo "2134"]
[BlackElo "2223"]
[PlyCount "122"]
[EventDate "2007.09.30"]
[EventType "team"]
[EventRounds "9"]
[EventCountry "GER"]
[SourceTitle "EXT 2009"]
[Source "ChessBase"]
[SourceDate "2008.11.26"]
[SourceVersion "1"]
[SourceVersionDate "2008.11.26"]
[SourceQuality "1"]
[WhiteTeam "Oberursel II"]
[BlackTeam "Frankfurt West"]
[WhiteTeamCountry "GER"]
[BlackTeamCountry "GER"]

1. e4 c5 2. Nf3 e6 3. d3 d5 4. Nbd2 Nc6 5. g3 Nf6 6. Bg2 b6 7. 0-0 Bb7 8. e5 Nd7 9. Re1 Qc7 10. Qe2 Be7 11. Nf1 h6 12. h4 0-0-0 13. c3 Rdg8 14. N1h2 Nd8 15. Bd2 f5 16. exf6 gxf6 17. d4 Bd6 18. b4 e5 19. bxc5 bxc5 20. dxc5 Nxc5 21. Reb1 h5 22. Rb5 Nde6 23. Bh3 Kd7 24. Nd4 exd4 25. Rxc5 Bxc5 26. Qxe6+ Kd8 27. Bf4 Qe7 28. cxd4 Qxe6 29. Bxe6 Re8 30. Bxd5 Bxd5 31. dxc5 Kd7 32. Nf1 Re2 33. Ne3 Bf3 34. a3 Re8 35. Kf1 Rb2 36. Kg1 Re4 37. Rc1 Kc6 38. Nf1 Ree2 39. Be3 Ra2 40. a4 Rxa4 41. Nd2 Bg4 42. Nb3 Rb2 43. Nd2 Rba2 44. Nb3 R4a3 45. Nd4+ Kd5 46. Nb5 Rxe3 47. fxe3 Ra5 48. Nc3+ Kc6 49. Ne4 f5 50. Nd2 Rxc5 51. Ra1 Kb6 52. Rb1+ Rb5 53. Rc1 a5 54. Nc4+ Ka6 55. Nd6 Rb6 56. Ne8 a4 57. Nc7+ Ka5 58. Nd5 Rb5 59. Nc3 Rb3 60. Kf2 Rb2+ 61. Kg1 a3 0-1